La voix des victimes, 1492-1992 (Record no. 133507)

MARC details
000 -LEADER
campo de control de longitud fija 00801nam a2200217 i 4500
001 - NÚMERO DE CONTROL
campo de control 133507
003 - IDENTIFICADOR DE NÚMERO DE CONTROL
campo de control ES-MaACL
005 - FECHA Y HORA DE LA ÚLTIMA TRANSACCIÓN
campo de control 20230906194430.0
007 - CAMPO FIJO DE DESCRIPCIÓN FÍSICA--INFORMACIÓN GENERAL
campo de control de longitud fija t|
008 - DATOS DE LONGITUD FIJA--INFORMACIÓN GENERAL
campo de control de longitud fija 070817s1990 fr ||||1| fre d
080 ## - NÚMERO DE LA CLASIFICACIÓN DECIMAL UNIVERSAL
Número de la Clasificación Decimal Universal 23
245 03 - MENCIÓN DEL TÍTULO
Título La voix des victimes, 1492-1992
Resto del título : cinquième centenaire de la conquête de l'Amerique.
260 ## - PUBLICACIÓN, DISTRIBUCIÓN, ETC.
Lugar de publicación, distribución, etc. Paris :
Nombre del editor, distribuidor, etc. V. Elizondo :
-- L. Boff,
Fecha de publicación, distribución, etc. [1990]
300 ## - DESCRIPCIÓN FÍSICA
Extensión 174 p. ;
Dimensiones 22 cm.
490 1# - MENCIÓN DE SERIE
Mención de serie Concilium: Revue internationale de théologie ;
Designación de volumen o secuencia 232
500 ## - NOTA GENERAL
Nota general Biblioteca Jacinto Martínez Lacalle.
500 ## - NOTA GENERAL
Nota general Número monográfico de la revista Concilium: revue internationale de théologie, nº 232, 1990.
830 0# - PUNTO DE ACCESO ADICIONAL DE SERIE-TÍTULO UNIFORME
Título uniforme Concilium: Revue internationale de théologie ;
Designación de volumen o secuencia 232
9 (RLIN) 219743
852 ## - LOCALIZACIÓN
Ubicación ES-MaACL
Número de control de estantería E-11962
Sublocalización o colección R.139869
Holdings
Estatus retirado Estado de pérdida Estado de daño No para préstamo Biblioteca de origen Biblioteca actual Ubicación en estantería Fecha de adquisición Fuente de adquisición Total de préstamos Signatura topográfica completa Código de barras Visto por última vez Precio de reemplazo Tipo de ítem Koha
        Biblioteca del Ateneo de Madrid Biblioteca del Ateneo de Madrid Depósito 2 17/01/2008     E-11962 1138984 23/02/2023 23/02/2023 Libro impreso